| 000 | 01057nam0a2200313 4500 | ||
|---|---|---|---|
| 001 | RU\NLR\BIBL_A\022295267 | ||
| 005 | 20250625190503.0 | ||
| 035 | _a(NLR Aleph) 022295267 | ||
| 090 |
_a13237850 _c13237850 |
||
| 100 | _a20240809d1898 |||y0rusy50 ca | ||
| 101 | 0 | _alit | |
| 102 | _aRU | ||
| 105 | _aa z 000yy | ||
| 181 | 0 |
_ai _baxxe |
|
| 182 | 0 | _an | |
| 200 | 1 |
_aIš kur akmenys ant musų laukė atsirado? _f[vertė P. Vileišis] |
|
| 203 |
_aТекст _bвизуальный _cнепосредственный |
||
| 210 |
_aTilžeje _c[Kaštu ir spaustuve Otto von Mauderode] _d1898 |
||
| 215 |
_a28 p. _ciliustr. _d15 |
||
| 300 | _aАвт. из предисл. | ||
| 300 | _aПер. по библиогр. | ||
| 541 | 1 |
_6z01790 _a[Откуда появились камни на наших полях] _zrus |
|
| 686 | 1 | _aД3/5 | |
| 700 | 1 |
_aPiotrowski _bF. _gFeliks |
|
| 790 | 1 |
_6z01541 _aПиотровски _bФ. _gФеликс _4070 |
|
| 852 |
_aNLR _bОНЛ _jЛито./1-575 |
||
| 942 | _cBOOK | ||
| 980 | _aNB | ||